Detalles MARC
| 000 -LIDER |
| fixed length control field |
01579nam a2200313 4500 |
| 001 - NÚMERO DE CONTROL |
| Identificador de número de control |
0001529998 |
| 003 - IDENTIFICACDOR DE NÚMERO DE CONTROL |
| control field |
DO-SdBNP |
| 005 - DATE AND TIME OF LATEST TRANSACTION |
| control field |
20221102114708.0 |
| 007 - CAMPOS FIJOS DE DESCRIPCIÓN FÍSICA |
| fixed length control field |
0001529998 |
| 008 - ELEMENTOS DE LONGITUD FIJA |
| fixed length control field |
000517s2002 sp | ||| ||spa |
| 016 7# - NO. DE CONTROL DE LA AGENCIA BIB. NACIONAL |
| Record control number |
|
| Source |
|
| 017 ## - NÚMERO DE REGISTRO DE DERECHOS DE AUTOR |
| Copyright or legal deposit number |
|
| Assigning agency |
|
| 020 ## - ISBN |
| International Standard Book Number |
8477206236 |
| 040 ## - FUENTE DE CATALOGACIÓN |
| Agencia que crea de manera original el registro |
BPMSU |
| Idioma de catalogación |
spa |
| Agencia que realiza la transcripción |
BPMSU |
| Convenciones de la despripción |
|
| 082 #4 - NÚMERO DE CLASIFICACIÓN DECIMAL DE DEWEY |
| Classification number |
863.5 |
| Item number |
G732p 2002 |
| Edition number |
22 |
| 100 1# - ASIENTO PRINCIPAL -- NOMBRE PERSONAL |
| Nombre personal |
Grad, Marcia |
| 245 13 - MENCIÓN DE TITULO |
| Título |
La princesa que creía en los cuentos de hadas / |
| Mención de responsabilidad |
Marcia Grad ; traducción del inglés, Elena Lampérez Sánchez |
| Medio (Designación general de material) |
|
| 250 ## - MENCIÓN DE EDICION |
| Mención de edición |
30a. ed. |
| 260 ## - PUBLICACIÓN, DISTRIBUCIÓN, ETC. (PIE DE IMPRENTA) |
| Lugar de publicación, distribución, etc |
Barcelona : |
| Nombre del editor, distribuidor, etc. |
Obelisco, |
| Fecha de publicación, distribución, etc |
2002 |
| 300 ## - DESCRIPCIÓN FÍSICA |
| Extensión |
221 p.: |
| Dimensiones |
21 cm. |
| 490 0# - MENCIÓN DE SERIES |
| Mención de serie |
Colección Obelisco Narrativa. |
| 505 0# - NOTA DE CONTENIDO |
| Texto normalizado de contenido |
Algún día llegará mi príncipe 5 -- La princesita y el Código Real 11 -- Más allá de los jardines de Palacio 23 -- II. -- El príncipe azul llega al rescate 31 -- El Dr. Risitas y el Sr. Escondido 43 -- Siempre se aplasta la rosa más hermosa 53 -- Un acuerdo de la mente y el corazón 69 -- Hacer o no hacer... 77 -- Una guía para vivir feliz 85 -- III. -- El camino de la verdad 97 -- El mar de la emoción 109 -- La tierra de la ilusión 127 -- El campamento de los viajeros perdidos 139 -- El país de Es 157 -- Viaje a un lugar llamado memoria 169 -- El valle de la perfección 181 -- IV. -- El templo de la verdad 191 -- El pergamino 199 |
| 534 ## - NOTA SOBRE LA VERSIÓN ORIGINAL |
| Asiento principal del original |
Título original : |
| Mención del título original |
The princess who believed in fairy tales |
| 650 #4 - ENCABEZAMIENTO DE MATERIA--TEMÁTICO |
| Término temático o nombre geográfico como elemento de entrada |
Novela española |
| 650 #4 - ENCABEZAMIENTO DE MATERIA--TEMÁTICO |
| Término temático o nombre geográfico como elemento de entrada |
Literatura española |
| 700 1# - ASIENTO SECUNDARIO -- NOMBRE PERSONAL |
| Nombre personal |
Lampérez Sánchez, Elena |
| Mención de responsabilidad |
tr. |
| 910 ## - VALIDACIÓN |
| Validación |
VMateo V. /Validado |
| 942 ## - ADDED ENTRY ELEMENTS (KOHA) |
| Source of classification or shelving scheme |
Dewey Decimal Classification |
| Koha item type |
Libros |